|
|
|
|
| LEADER |
00000nam a22000007i 4500 |
| 001 |
IT\ICCU\UBO\3938512 |
| 003 |
ItRI |
| 005 |
20260204171248.0 |
| 008 |
120519s2012 it |||||| ||||| |||||c |
| 020 |
|
|
|a 9788871066578
|
| 040 |
|
|
|b ita
|c Arcigay Queer VdA
|
| 041 |
|
7 |
|a ita
|2 ISO-639-2
|
| 082 |
|
|
|a 306.76
|2 19
|
| 100 |
1 |
|
|a Dall'Orto, Giovanni,
|d (1958- )
|0 IT\ICCU\CFIV\072597
|
| 240 |
1 |
0 |
|a Mamma, papà: devo dirvi una cosa
|9 Dall'Orto, Giovanni <1958- >
|
| 245 |
1 |
0 |
|a Mamma, papà: devo dirvi una cosa :
|b come vivere serenamente l'omosessualità : scritto da una madre e da suo figlio /
|c Giovanni e Paola Dall'Orto.
|
| 260 |
|
|
|a Casale Monferrato :
|b Sonda,
|c 2012
|
| 300 |
|
|
|a 199 p. ;
|c 21 cm.
|
| 650 |
|
7 |
|a FIGLI
|x RAPPORTI CON I GENITORI
|
| 650 |
|
7 |
|a Adolescenti omosessuali
|2 scbi
|
| 700 |
1 |
|
|a Dall'Orto, Paola
|0 IT\ICCU\LO1V\044646
|
| 830 |
|
0 |
|a Guide ;
|v 13
|0 IT\ICCU\LO1\1252011
|
| 942 |
|
|
|2 ddc
|c BK
|
| 952 |
|
|
|0 0
|1 0
|2 ddc
|4 0
|6 306_760000000000000_DAL_MAM
|7 0
|9 3992
|a AO
|b AO
|d 2025-04-26
|l 0
|o 306.76 DAL MAM
|p 11177
|r 2025-04-26 10:24:31
|w 2025-04-26
|y BK
|
| 952 |
|
|
|0 0
|1 0
|4 0
|6 DOC_306_766000000000000_DAL
|7 0
|9 20819
|a BO
|b BO
|d 2026-01-15
|i 16742
|l 0
|o DOC 306.766 DAL
|p BO16742
|r 2026-01-15 23:21:38
|w 2026-01-15
|x [Sebina 5] [1 v.]
|y BK
|z 1 v.
|
| 999 |
|
|
|c 3107
|d 3107
|